| 000 | 00922nam a2200217Ia 4500 | ||
|---|---|---|---|
| 999 |
_c40208 _d40208 |
||
| 001 | 6815 | ||
| 003 | GE_BSU | ||
| 005 | 20200121173000.0 | ||
| 008 | 181216s1976||||ge |||||||||||||| ||geo|| | ||
| 040 | _cGE_BSU | ||
| 041 | _ageo | ||
| 080 | _a821.353.1-32 გ-61 | ||
| 100 |
_aგოგოლაძე, თენგიზ. _96299 |
||
| 245 |
_aმოთხრობები / _cთენგიზ გოგოლაძე ; რედ. ლ. ნანიტაშვილი ; მხატვ. მ. ნონიკაშვილი. |
||
| 264 |
_aთბილისი : _bსაბჭ.საქართველო, _c1976. |
||
| 300 |
_a211 გვ. : _bილ. ; _c20 სმ. |
||
| 653 | _aმოთხრობები | ||
| 700 |
_aნანიტაშვილი, ლ. _eრედაქტორი _91270 |
||
| 700 |
_aნონიკაშვილი, მ. _eმხატვარი _96300 |
||
| 942 |
_cBK _2udc |
||